000 01732cam a2200133 4500500
005 20260517002229.0
041 _afre
042 _adc
100 1 0 _aBloch, Ernst
_eauthor
245 0 0 _aDu rêve à l'utopie : Entretiens philosophiques
260 _bHermann,
_c2016.
520 _aCe livre est une anthologie des entretiens philosophiques qu'Ernst Bloch a accordés. Ces interventions d'un des plus grands philosophes allemands du XXe siècle éclaircissent de nombreux aspects de sa pensée. Ernst Bloch y présente notamment, de façon didactique, le grand inventaire des réalisations de l'imagination utopique dans l'histoire de la culture, de l'architecture, de la peinture, de la littérature et de la musique. Il évoque aussi sa vie, sa jeunesse, ses souvenirs d'écoliers, ses années d'études ; il raconte ses amitiés, notamment avec Georges Lukács, Georg Simmel, Walter Benjamin, Theodor Adorno, Siegfried Kracauer ou Bertolt Brecht ; il relate ses exils, en Suisse et aux États-Unis, sa lutte aux côtés des pacifistes contre la politique impériale de Guillaume II, son combat contre l'Allemagne nazie ; il analyse enfin son engagement pour un marxisme « ouvert » et humaniste, opposé au stalinisme et orienté vers la réalisation de « l'utopie concrète ». À travers ce choix de textes réalisé par Arno Munster, l'un des meilleurs spécialistes de Bloch, c'est tout le parcours intellectuel du philosophe qui est tracé, depuis ses premières pensées existentielles, inspirées de la philosophie de Kierkegaard, jusqu'à sa maturité, exprimée notamment dans Le Principe Espérance.
856 4 1 _uhttps://shs.cairn.info/du-reve-a-lutopie--9782705691110?lang=fr&redirect-ssocas=7080
999 _c2241669
_d2241669